Southville International School and Colleges
Your cart is empty.
  • Cart
  • Lists
    Public lists Eva Luna New books Lux_list list_1
    Your lists Log in to create your own lists
  • Log in to your account
  • Your cookies
  • Search history
Southville International School and Colleges
  • Advanced search
  • Recent comments
  • Most popular
  • Libraries

Log in to your account

Log in with GOOGLE


If you do not have an external account, but do have a local account, you can still log in:

  1. Home
  2. MARC view: Shen of the sea :
Normal view MARC view ISBD view

Shen of the sea : (Record no. 11970)

[ view plain ]
MARC details
000 -LEADER
fixed length control field 00636nam a22002177a 4500
003 - CONTROL NUMBER IDENTIFIER
control field OSt
005 - DATE AND TIME OF LATEST TRANSACTION
control field 20140310182330.0
008 - FIXED-LENGTH DATA ELEMENTS--GENERAL INFORMATION
fixed length control field 130313t xxu||||| |||| 00| 0 eng d
020 ## - INTERNATIONAL STANDARD BOOK NUMBER
International Standard Book Number 9780525392446
050 ## - LIBRARY OF CONGRESS CALL NUMBER
Classification number PZ 7
Item number .C45 1925
082 ## - DEWEY DECIMAL CLASSIFICATION NUMBER
Classification number GS 813
Item number C43 1925
100 ## - MAIN ENTRY--PERSONAL NAME
Personal name Chrisman, Arthur Bowie,
Dates associated with a name 1889-1953.
9 (RLIN) 21386
245 ## - TITLE STATEMENT
Title Shen of the sea :
Statement of responsibility, etc Chrisman, Arthur Bowie
Remainder of title Chinese stories for children /
260 ## - PUBLICATION, DISTRIBUTION, ETC. (IMPRINT)
Place of publication, distribution, etc New York :
Name of publisher, distributor, etc Dutton Children's Books,
Date of publication, distribution, etc c1925.
300 ## - PHYSICAL DESCRIPTION
Extent 221 p.
Dimensions 22 cm
Other physical details ill,
526 ## - STUDY PROGRAM INFORMATION NOTE
Reading level 860L-920L
541 ## - IMMEDIATE SOURCE OF ACQUISITION NOTE
-- 1
562 ## - COPY AND VERSION IDENTIFICATION NOTE
Number of copies 1
650 ## - SUBJECT ADDED ENTRY--TOPICAL TERM
Topical term or geographic name as entry element Chinese stories.
9 (RLIN) 21387
942 ## - ADDED ENTRY ELEMENTS (KOHA)
Source of classification or shelving scheme Library of Congress Classification
Koha item type
Holdings
Withdrawn status Lost status Source of classification or shelving scheme Damaged status Home library Current library Shelving location Date acquired Total Checkouts Full call number Barcode Date last seen Copy number Price effective from Koha item type
    Library of Congress Classification   Luxembourg Library Luxembourg Library Grade School Section 09/24/2013   PZ 7 .C45 1925 15474 02/16/2015 1 09/24/2013 Books

Shen of the sea :

APA

Chrisman A. B., . (1925). Shen of the sea. New York: Dutton Children's Books.

Chicago

Chrisman Arthur Bowie, . 1925. Shen of the sea. New York: Dutton Children's Books.

Harvard

Chrisman A. B., . (1925). Shen of the sea. New York: Dutton Children's Books.

MLA

Chrisman Arthur Bowie, . Shen of the sea. New York: Dutton Children's Books. 1925.

  • Place hold
  • Print
  • Cite
  • Add to your cart (remove)
  • Save record
    BIBTEX Dublin Core MARCXML MARC (non-Unicode/MARC-8) MARC (Unicode/UTF-8) MARC (Unicode/UTF-8, Standard) MODS (XML) RIS
  • More searches
    Search for this title in:
    Other Libraries (WorldCat) Other Databases (Google Scholar) Online Stores (Bookfinder.com) Open Library (openlibrary.org)

Exporting to Dublin Core...

SOUTHVILLE LIBRARY

Southville International School and Colleges Library

1281 Tropical Ave. Cor. Luxembourg St., BF Homes International, Las Pinas City

Tel. No. 8256374 / 252358 Loc. 117/146

Powered by Koha